| 000 | 00913cam a22002295a 4500 | ||
|---|---|---|---|
| 001 | L159014 | ||
| 008 | 120321s2015 xxk f 000 0 eng d | ||
| 035 | _a(Sirsi) u159014 | ||
| 041 | 0 | _aeng | |
| 050 | 0 | 4 | _a581.65 $2 20 |
| 110 | 2 |
_aRoyal Institution of Chartered Surveyors _94900 |
|
| 245 | 0 | 0 |
_aJapanese knotweed and residential property addendum _h[electronic resource] |
| 260 |
_aLondon _bRICS _c2015 |
||
| 490 | 0 | _aRICS Information Paper | |
| 520 | _aAddendum to L155409 (ISBN 9781842197677), effective from 1 September 2015. Updates the paragraph 5.8. Contractors and consultants. | ||
| 590 | _aKA | ||
| 650 | 2 | 4 | _aJAPANESE KNOTWEED |
| 651 | 4 | _aENGLAND AND WALES | |
| 690 |
_aResidential property _96266 |
||
| 856 | 4 | 0 |
_uhttps://www.rics.org/content/dam/ricsglobal/documents/standards/Japanese_Knotweed_And_Residential_Property_Addendum_To_1st_Edition.pdf _zAvailable on RICS.org |
| 942 |
_n0 _2ddc |
||
| 999 |
_c115629 _d115629 |
||